[Event "ICS Rated blitz match"]
[Site "204.178.125.65"]
[Date "2000.09.17"]
[Round "?"]
[White "Krausuwe"]
[Black "Hossa"]
[Result "1-0"]
[WhiteElo "2558"]
[BlackElo "2573"]
[PlyCount "83"]
[EventDate "2000.??.??"]

1. d4 f5 2. Bg5 c6 3. Nc3 Nf6 4. e3 e6 5. e4 fxe4 6. Nxe4 Be7 7. Nxf6+ Bxf6 8.
Qh5+ g6 9. Bxf6 Qxf6 10. Qe5 O-O 11. Nf3 Qf4 12. Bd3 d6 13. Qxf4 Rxf4 14. Ke2
Nd7 15. Rhe1 e5 16. dxe5 Nxe5 17. Nxe5 dxe5 18. Kf1 Rb4 19. b3 Rh4 20. Rxe5
Rxh2 21. Kg1 Rh4 22. Re7 b5 23. Rd1 Rf4 24. Be4 Bg4 25. f3 Bf5 26. Bxc6 Rb8 27.
g3 Kf8 28. Rxh7 Kg8 29. Rxa7 Bxc2 30. Rd2 Rf5 31. Rxc2 Rg5 32. Kg2 Rf5 33. Be4
Rf6 34. Bd5+ Kf8 35. Rcc7 Re8 36. Rh7 Re2+ 37. Kh3 Re7 38. Rhxe7 Rf5 39. Bc6
Rf7 40. Rxf7+ Kg8 41. Rfb7 Kf8 42. Rb8# {Hossa checkmated} 1-0

[Event "ICS rated blitz match"]
[Site "204.178.125.65"]
[Date "2000.09.17"]
[Round "?"]
[White "Krausuwe"]
[Black "Hossa"]
[Result "1/2-1/2"]
[WhiteElo "2558"]
[BlackElo "2573"]
[PlyCount "109"]
[EventDate "2000.??.??"]

1. e4 e5 2. Nc3 Nf6 3. g3 Bc5 4. Bg2 O-O 5. Nf3 d6 6. O-O Be6 7. d4 exd4 8.
Nxd4 Bc4 9. Re1 Nbd7 10. b3 Ba6 11. a3 Ne5 12. b4 Bxd4 13. Qxd4 Nc6 14. Qd2 Bc4
15. b5 Na5 16. Bb2 Be6 17. Nd5 Bxd5 18. Qxa5 Bc4 19. e5 Nd5 20. Re4 Nb6 21.
exd6 Qxd6 22. Qc3 Qg6 23. Rxc4 Nxc4 24. Qxc4 Rab8 25. Be5 b6 26. Qxc7 Qe6 27.
Qxb8 Rxb8 28. Bxb8 Qe8 29. Bxa7 Qxb5 30. Rd1 h6 31. Rd8+ Kh7 32. Be4+ g6 33.
Bd5 Kg7 34. c4 Qa5 35. Rd7 h5 36. Rxf7+ Kh8 37. Rb7 Qxa3 38. Bxb6 Qa1+ 39. Kg2
h4 40. gxh4 Qf6 41. Bc7 Qd4 42. Bg3 Qf6 43. Rf7 Qd4 44. Re7 Qg4 45. c5 g5 46.
f3 Qd4 47. Be5+ Qxe5 48. Rxe5 gxh4 49. c6 Kg7 50. c7 h3+ 51. Kxh3 Kf6 52. Re6+
Kg5 53. c8=Q Kf5 54. Qf8+ Kg5 55. Qf7 {Hossa stalemated} 1/2-1/2

[Event "ICS Rated blitz match"]
[Site "204.178.125.65"]
[Date "2000.09.17"]
[Round "?"]
[White "Hossa"]
[Black "Sjeng"]
[Result "1-0"]
[WhiteElo "2572"]
[BlackElo "2403"]
[PlyCount "183"]
[EventDate "2000.??.??"]

1. e4 d5 2. exd5 Qxd5 3. Nc3 Qa5 4. d4 Nf6 5. Nf3 c6 6. Bc4 Bf5 7. Bd2 e6 8.
Nd5 Qd8 9. Nxf6+ Qxf6 10. c3 Bd6 11. Bg5 Qg6 12. O-O O-O 13. Qd2 Qh5 14. Qe3
Nd7 15. Be2 Bg4 16. h3 Bxf3 17. Bxf3 Qg6 18. Be4 f5 19. Bd3 e5 20. Bc4+ Kh8 21.
Bh4 f4 22. Qf3 exd4 23. cxd4 Qh6 24. Qg4 Nf6 25. Bxf6 Qxf6 26. Rfd1 f3 27. Qxf3
Qxf3 28. gxf3 Rxf3 29. Rd3 Rxd3 30. Bxd3 Be7 31. Be4 Bf6 32. d5 Re8 33. Bf3
cxd5 34. Bxd5 b5 35. Rb1 Re2 36. Rc1 h5 37. b4 Bd4 38. Rc8+ Kh7 39. Rf8 g5 40.
Rf7+ Kg6 41. Kg2 Rd2 42. Be6 Re2 43. Bd5 Rd2 44. Be6 Re2 45. Bd5 Rd2 46. Be6
Re2 47. Bd5 Rd2 48. Be6 Re2 49. Bd5 Rd2 50. Be6 Re2 51. Bd5 Rd2 52. Be6 Rb2 53.
a3 Re2 54. Bb3 Rd2 55. Be6 Re2 56. Bb3 a6 57. Bd5 Bb6 58. Rf3 Bd4 59. Bb7 Re6
60. Rf8 Bg7 61. Ra8 Bb2 62. Bxa6 Bxa3 63. Bc8 Rc6 64. Rxa3 Rxc8 65. Ra6+ Kf5
66. Rb6 Rc4 67. Rxb5+ Kg6 68. Rb6+ Kf5 69. b5 Rb4 70. Rb8 Ke5 71. b6 Rb5 72. b7
Kd6 73. Rg8 Kc7 74. Rh8 Kxb7 75. Rxh5 Kc6 76. h4 gxh4 77. Rxb5 Kxb5 78. Kh3 Ka5
79. Kxh4 Kb6 80. f4 Kc6 81. Kg5 Kc7 82. f5 Kd8 83. f6 Kd7 84. Kh6 Ke8 85. Kg7
Kd7 86. f7 Ke6 87. f8=Q Ke5 88. Qb4 Ke6 89. Qc5 Kd7 90. Kf7 Kd8 91. Ke6 Ke8 92.
Qc8# {Sjeng checkmated} 1-0

[Event "ICS rated blitz match"]
[Site "204.178.125.65"]
[Date "2000.09.17"]
[Round "?"]
[White "PostModernist"]
[Black "Hossa"]
[Result "0-1"]
[WhiteElo "2644"]
[BlackElo "2581"]
[PlyCount "98"]
[EventDate "2000.??.??"]

1. e4 e5 2. Bc4 Nf6 3. d3 c6 4. Nf3 d5 5. Bb3 Bd6 6. Nc3 dxe4 7. Ng5 O-O 8.
Ncxe4 Nxe4 9. Nxe4 Na6 10. Qh5 Bb4+ 11. Bd2 Bxd2+ 12. Kxd2 Qe7 13. Rae1 Nc5 14.
Nxc5 Qxc5 15. Kc1 a5 16. Rxe5 Qxf2 17. g3 a4 18. Bc4 b5 19. Re2 Qf6 20. Bxb5
Ra5 21. Qe5 Qxe5 22. Rxe5 Rxb5 23. Re4 Ra5 24. Rf1 Be6 25. Kb1 a3 26. b3 Re8
27. d4 Kf8 28. Rfe1 Rf5 29. R4e2 Rd5 30. c3 Bf5+ 31. Kc1 Rdd8 32. Re3 Rxe3 33.
Rxe3 Re8 34. Rf3 Bg4 35. Rf4 f5 36. h3 Bxh3 37. Kd2 Bg4 38. Rf2 Re4 39. b4 Ke7
40. Kd3 Re1 41. Rg2 Bf3 42. Rh2 Rg1 43. Ke3 Rxg3 44. Kf4 Rg2 45. Rxh7 Be4 46.
Ke5 Kf7 47. c4 Rxa2 48. Rh3 Bg2 49. Rg3 g6 {PostModernist resigns} 0-1

[Event "ICS rated blitz match"]
[Site "204.178.125.65"]
[Date "2000.09.17"]
[Round "?"]
[White "Hossa"]
[Black "PostModernist"]
[Result "1/2-1/2"]
[WhiteElo "2600"]
[BlackElo "2625"]
[PlyCount "142"]
[EventDate "2000.??.??"]

1. e4 c5 2. Nf3 g6 3. d4 cxd4 4. Nxd4 Nc6 5. Nc3 Bg7 6. Be3 Nf6 7. Bc4 O-O 8.
Nxc6 dxc6 9. Qxd8 Rxd8 10. Bc5 Kf8 11. Rd1 Rxd1+ 12. Kxd1 b5 13. Bb3 a5 14. a4
b4 15. e5 Nd7 16. Ne4 Bxe5 17. Be3 Bxb2 18. Ng5 Ne5 19. Nxh7+ Kg7 20. Ng5 Ba6
21. Bb6 Nc4 22. Bxc4 Bxc4 23. Ne4 e5 24. Rg1 Bd5 25. Re1 Bd4 26. Bxd4 exd4 27.
Kd2 Rh8 28. h3 f5 29. Ng5 Bxg2 30. f4 Rh5 31. Re7+ Kf8 32. Ra7 Rh4 33. Ne6+ Kg8
34. Rg7+ Kh8 35. Rxg6 Be4 36. Rg3 Bd5 37. Nf8 Bf7 38. Ng6+ Bxg6 39. Rxg6 Rxf4
40. Rxc6 Rh4 41. Rc5 f4 42. Kd3 f3 43. Rf5 Rxh3 44. Kxd4 f2 45. Rxf2 Ra3 46.
Kc4 Rxa4 47. c3 bxc3+ 48. Kb3 Rg4 49. Rh2+ Kg7 50. Kxc3 Kf6 51. Rf2+ Ke5 52.
Re2+ Kd5 53. Rd2+ Kc5 54. Kb2 Kb4 55. Ka1 Kc3 56. Re2 Rf4 57. Re3+ Kb4 58. Rg3
a4 59. Rh3 Rf1+ 60. Ka2 Rf2+ 61. Ka1 a3 62. Rh4+ Kb3 63. Rh3+ Ka4 64. Rh4+ Kb5
65. Rh5+ Kc4 66. Rh3 Rf1+ 67. Ka2 Kb4 68. Rh4+ Kc3 69. Rh3+ Kb4 70. Rh4+ Kc3
71. Rh3+ Kb4 {Game drawn by repetition} 1/2-1/2

[Event "ICS rated blitz match"]
[Site "204.178.125.65"]
[Date "2000.09.17"]
[Round "?"]
[White "PostModernist"]
[Black "Hossa"]
[Result "1-0"]
[WhiteElo "2624"]
[BlackElo "2601"]
[PlyCount "83"]
[EventDate "2000.??.??"]

1. e4 e5 2. Bc4 Nf6 3. d3 Bc5 4. Nc3 Nc6 5. Nf3 O-O 6. Bg5 a6 7. Nd5 Re8 8.
Bxf6 gxf6 9. Qd2 Bf8 10. Ne3 Bh6 11. O-O-O d6 12. h4 a5 13. Qc3 a4 14. Rdg1 a3
15. bxa3 Na5 16. Bb3 Nxb3+ 17. Qxb3 Be6 18. Qb2 d5 19. g4 Bf8 20. Qxb7 Rb8 21.
Qc6 dxe4 22. Qxe4 Bxa3+ 23. Kd2 Bb4+ 24. Kd1 Bc3 25. g5 f5 26. Nxf5 Bxa2 27.
Nh6+ Kg7 28. Nd2 Bd5 29. Qf5 Bxh1 30. Qxf7+ Kh8 31. g6 hxg6 32. Qxg6 Rb1+ 33.
Nxb1 Bf3+ 34. Kc1 Bb2+ 35. Kd2 Re7 36. Qf6+ Kh7 37. Nf7 Qxd3+ 38. cxd3 Bc1+ 39.
Kxc1 Bg2 40. Rxg2 Rxf7 41. Qxf7+ Kh8 42. Qg7# {Hossa checkmated} 1-0

[Event "ICS rated blitz match"]
[Site "204.178.125.65"]
[Date "2000.09.17"]
[Round "?"]
[White "counterplay"]
[Black "Hossa"]
[Result "1-0"]
[WhiteElo "2640"]
[BlackElo "2586"]
[PlyCount "127"]
[EventDate "2000.??.??"]

1. c4 e5 2. Nc3 Nf6 3. Nf3 Nc6 4. g3 Bb4 5. Nd5 Bc5 6. Bg2 d6 7. d3 Nxd5 8.
cxd5 Nd4 9. Nxd4 Bxd4 10. e3 Bb6 11. O-O O-O 12. b4 a5 13. Bd2 axb4 14. Bxb4
Bd7 15. a4 Qg5 16. a5 Ba7 17. Qc2 Rfc8 18. Rfc1 Qh5 19. Ra3 Bh3 20. Bxh3 Qxh3
21. Rc3 Bb8 22. Bxd6 Rxa5 23. Bxc7 Rxd5 24. Bxe5 Rxc3 25. Qxc3 Rd8 26. Bxg7 h6
27. Bh8 Qg4 28. Qf6 Qg5 29. Qxg5+ hxg5 30. Bf6 Re8 31. Rc5 Kf8 32. Bxg5 Bd6 33.
Rd5 Re6 34. Rb5 Be7 35. Bf4 b6 36. Bc7 Rc6 37. Bxb6 Rc2 38. Kg2 Rd2 39. d4 Ke8
40. h4 Kd7 41. e4 Bd6 42. e5 Bf8 43. d5 Ra2 44. Be3 Kc7 45. Bf4 Ra4 46. d6+ Kc8
47. Rc5+ Kd7 48. Rc7+ Ke6 49. Rc8 Be7 50. dxe7 Kxe7 51. h5 Kd7 52. h6 Kxc8 53.
h7 Rc4 54. h8=Q+ Kb7 55. Qh7 Kc6 56. Qxf7 Re4 57. e6 Kc5 58. Qf5+ Kd4 59. Be3+
Kc3 60. Qxe4 Kb3 61. Qd3+ Kb4 62. e7 Ka5 63. e8=Q Kb4 64. Qeb5# {
Hossa checkmated} 1-0

[Event "ICS Rated blitz match"]
[Site "204.178.125.65"]
[Date "2000.09.17"]
[Round "?"]
[White "Hossa"]
[Black "PostModernist"]
[Result "0-1"]
[WhiteElo "2572"]
[BlackElo "2656"]
[PlyCount "136"]
[EventDate "2000.??.??"]

1. e4 e5 2. f4 exf4 3. Nf3 h6 4. d4 g5 5. Bc4 d6 6. O-O Bg7 7. c3 Nc6 8. Qa4
Qd7 9. Bb5 a6 10. d5 axb5 11. Qxa8 Nce7 12. Nd4 Bxd4+ 13. cxd4 f5 14. e5 dxe5
15. dxe5 Qxd5 16. Re1 f3 17. gxf3 Qxf3 18. Nd2 Qg4+ 19. Kh1 Qd4 20. Qa3 g4 21.
Qb3 Bd7 22. Kg2 Nd5 23. Nb1 f4 24. e6 Bc6 25. Kf1 b4 26. a4 Ke7 27. Qd1 Qxd1
28. Rxd1 Kxe6 29. Rxd5 Kxd5 30. Bxf4 Rh7 31. Be3 Ne7 32. Nd2 Rf7+ 33. Bf2 Nf5
34. Ke2 Bd7 35. Nb3 b6 36. Ke1 c5 37. Rd1+ Ke5 38. Ra1 Re7 39. Kf1 Kf4 40. a5
c4 41. Nd4 bxa5 42. Rxa5 Nxd4 43. Bxd4 Bf5 44. Kg1 Bd3 45. Ra8 Re1+ 46. Kg2
Re2+ 47. Kg1 c3 48. bxc3 b3 49. Rf8+ Bf5 50. c4 b2 51. Bxb2 Rxb2 52. c5 Rc2 53.
Rf6 Rxc5 54. Kg2 h5 55. Rf8 h4 56. Kf2 Rc2+ 57. Kg1 h3 58. Re8 Rg2+ 59. Kh1
Rxh2+ 60. Kxh2 g3+ 61. Kg1 h2+ 62. Kf1 h1=Q+ 63. Ke2 g2 64. Rg8 g1=Q 65. Rxg1
Qxg1 66. Kd2 Qe3+ 67. Kd1 Qf2 68. Kc1 Qc2# {Hossa checkmated} 0-1

[Event "ICS rated blitz match"]
[Site "204.178.125.65"]
[Date "2000.09.17"]
[Round "?"]
[White "PostModernist"]
[Black "Hossa"]
[Result "1-0"]
[WhiteElo "2670"]
[BlackElo "2560"]
[PlyCount "109"]
[EventDate "2000.??.??"]

1. d4 d5 2. Nf3 Nf6 3. e3 e6 4. Bd3 c5 5. O-O c4 6. Be2 Nbd7 7. b3 cxb3 8. axb3
Be7 9. Nc3 O-O 10. Bd3 b6 11. Bb2 Bb7 12. Nd2 a6 13. e4 dxe4 14. Ncxe4 Qc7 15.
Qf3 Bd6 16. Qh3 Bf4 17. g3 Bh6 18. f4 Nxe4 19. Nxe4 f5 20. Nd2 Rfe8 21. Qh5 Nf6
22. Qe2 Nd5 23. Rae1 Nc3 24. Qe5 Qc6 25. Rf3 a5 26. Bc4 Nd5 27. c3 b5 28. Bf1
Qd7 29. Rf2 a4 30. bxa4 bxa4 31. Nc4 Nf6 32. Qd6 Bd5 33. Qxd7 Nxd7 34. Nd6 Red8
35. c4 Nf8 36. cxd5 Rxd6 37. dxe6 Nxe6 38. Bc4 Kf7 39. Ba3 Rc6 40. Bd5 Rca6 41.
Rxe6 Rxe6 42. Bxa8 Re1+ 43. Rf1 Re2 44. Bd5+ Ke8 45. Bc5 Kd7 46. Ra1 Rd2 47.
Rxa4 Kc7 48. Ra7+ Kb8 49. Bb6 Rd1+ 50. Kf2 Rd2+ 51. Ke3 Ra2 52. Rxa2 Kc8 53.
Bc6 Bxf4+ 54. gxf4 g5 55. Ra8# {Hossa checkmated} 1-0

[Event "ICS rated blitz match"]
[Site "204.178.125.65"]
[Date "2000.09.17"]
[Round "?"]
[White "Hossa"]
[Black "leinad71"]
[Result "1-0"]
[WhiteElo "2549"]
[BlackElo "2101"]
[PlyCount "65"]
[EventDate "2000.??.??"]

1. e4 d5 2. exd5 Nf6 3. Bb5+ Bd7 4. Bc4 Bg4 5. f3 Bc8 6. Nc3 Nbd7 7. Qe2 Nb6 8.
d4 Nfxd5 9. Nxd5 Nxd5 10. Qe5 c6 11. Bd2 Qc7 12. O-O-O Qxe5 13. dxe5 Bf5 14.
Ne2 e6 15. Nd4 Bg6 16. Kb1 Bc5 17. Nb3 Be7 18. Na5 Rb8 19. Nb3 O-O 20. h4 h6
21. h5 Bh7 22. g3 Nb4 23. Bxb4 Bxb4 24. a3 Be7 25. Rd7 Rfe8 26. Na5 Kf8 27.
Nxb7 Bxa3 28. bxa3 Re7 29. Rd8+ Re8 30. Rxe8+ Kxe8 31. Ba6 Kd7 32. Kc1 Kc7 33.
Nc5 {leinad71 resigns} 1-0

[Event "ICS Rated blitz match"]
[Site "204.178.125.65"]
[Date "2000.09.17"]
[Round "?"]
[White "brutus"]
[Black "Hossa"]
[Result "0-1"]
[WhiteElo "2228"]
[BlackElo "2551"]
[PlyCount "116"]
[EventDate "2000.??.??"]

1. e4 e5 2. Nf3 Nc6 3. Bb5 a6 4. Ba4 Nf6 5. Qe2 b5 6. Bb3 Bc5 7. c3 d6 8. d3 h6
9. Nbd2 O-O 10. Nf1 a5 11. Be3 a4 12. Bc2 a3 13. b4 Bxe3 14. Nxe3 Be6 15. O-O
d5 16. exd5 Nxd5 17. Nxd5 Bxd5 18. Bb3 Bxb3 19. axb3 Qd5 20. Qe4 Rfd8 21. Rfd1
Qxe4 22. dxe4 Rxd1+ 23. Rxd1 a2 24. Ra1 g5 25. Kf1 f6 26. Ke2 Kg7 27. Kd2 Kg6
28. Kc2 f5 29. exf5+ Kxf5 30. Kb2 e4 31. Ne1 Ne5 32. Rxa2 Nd3+ 33. Nxd3 Rxa2+
34. Kxa2 exd3 35. Kb2 h5 36. Kc1 g4 37. Kd2 Ke4 38. h3 gxh3 39. gxh3 Kf3 40.
Kxd3 Kxf2 41. Ke4 Kg3 42. h4 Kxh4 43. Kf4 Kh3 44. Kf3 h4 45. c4 Kh2 46. Kf2 c6
47. cxb5 cxb5 48. Kf3 Kg1 49. Kg4 Kf2 50. Kxh4 Ke3 51. Kg3 Kd4 52. Kf3 Kc3 53.
Ke3 Kxb4 54. Kd2 Kxb3 55. Kc1 Ka2 56. Kc2 b4 57. Kc1 b3 58. Kd2 b2 {
brutus resigns} 0-1

[Event "ICS rated blitz match"]
[Site "204.178.125.65"]
[Date "2000.09.17"]
[Round "?"]
[White "leinad71"]
[Black "Hossa"]
[Result "0-1"]
[WhiteElo "2084"]
[BlackElo "2543"]
[PlyCount "62"]
[EventDate "2000.??.??"]

1. d4 Nf6 2. Nf3 e6 3. Bf4 b6 4. Nbd2 Nh5 5. Bg5 f6 6. Bh4 g5 7. Bg3 g4 8. Nh4
Bb7 9. f3 Nxg3 10. hxg3 gxf3 11. exf3 Bg7 12. Bd3 f5 13. c3 Qg5 14. Rh3 Qe3+
15. Qe2 Qxe2+ 16. Kxe2 Nc6 17. Rah1 Ne7 18. g4 fxg4 19. fxg4 O-O-O 20. Nhf3 h6
21. Rf1 c5 22. Ne5 Bxg2 23. Rhf3 Bxf1+ 24. Rxf1 Bxe5 25. dxe5 Rdg8 26. Rf7 Nc6
27. Nc4 Rxg4 28. Nd6+ Kc7 29. Ba6 Nxe5 30. Nb5+ Kb8 31. Re7 Ra4 {
leinad71 resigns} 0-1

[Event "ICS rated blitz match"]
[Site "204.178.125.65"]
[Date "2000.09.18"]
[Round "?"]
[White "Hossa"]
[Black "PostModernist"]
[Result "0-1"]
[WhiteElo "2545"]
[BlackElo "2680"]
[PlyCount "116"]
[EventDate "2000.??.??"]

1. e4 c5 2. Nf3 g6 3. d4 cxd4 4. Nxd4 Nc6 5. Nc3 Bg7 6. Be3 Nf6 7. Bc4 O-O 8.
Nxc6 dxc6 9. Qxd8 Rxd8 10. Bc5 Kf8 11. Rd1 Rxd1+ 12. Kxd1 b5 13. Bb3 a5 14. a4
b4 15. e5 Nd7 16. Ne4 Bxe5 17. Be3 Bxb2 18. Ng5 Ne5 19. Nxh7+ Kg7 20. Ng5 Ba6
21. Bb6 Nc4 22. Bxc4 Bxc4 23. Ne4 e5 24. Rg1 Bd4 25. Bxd4 exd4 26. Nd2 Bd5 27.
Kc1 Re8 28. g3 Re2 29. Rf1 Bg2 30. Rd1 d3 31. cxd3 Rxf2 32. Nc4 Bd5 33. Rd2
Rxd2 34. Nxd2 g5 35. g4 Kf6 36. d4 Kg6 37. Kd1 f5 38. gxf5+ Kxf5 39. Kc2 Kg4
40. Nf1 b3+ 41. Kc1 Kf3 42. Ng3 Kg2 43. Nh5 Kxh2 44. Nf6 Kh3 45. Nh5 Kg4 46.
Ng7 Bf7 47. Kb2 Kf4 48. Kc3 g4 49. d5 cxd5 50. Kd2 b2 51. Kc2 g3 52. Kxb2 g2
53. Kc2 g1=Q 54. Kd2 Qxg7 55. Kc2 Bg6+ 56. Kd2 Qb2+ 57. Ke1 Ke3 58. Kf1 Qf2# {
Hossa checkmated} 0-1

[Event "ICS Rated standard match"]
[Site "204.178.125.65"]
[Date "2000.09.18"]
[Round "?"]
[White "Hossa"]
[Black "Mungo"]
[Result "0-1"]
[WhiteElo "2338"]
[BlackElo "2621"]
[PlyCount "136"]
[EventDate "2000.??.??"]

1. d4 d5 2. Bg5 h6 3. Bh4 c6 4. e3 Qb6 5. Qc1 Bf5 6. Nf3 e6 7. Nc3 Bd6 8. Bd3
Ne7 9. Bxe7 Kxe7 10. Bxf5 exf5 11. O-O Nd7 12. Nb1 Qc7 13. c4 dxc4 14. Qc2 f4
15. e4 f6 16. Nh4 Rhg8 17. Nf5+ Kf8 18. Qxc4 Re8 19. f3 Nb6 20. Qc2 Rh8 21. Nh4
Kg8 22. Nd2 Qf7 23. a4 Nc8 24. a5 Ne7 25. a6 b5 26. Rac1 Bb4 27. Nb3 g5 28. Nf5
Nxf5 29. exf5 Rd8 30. Rf2 Qd5 31. Re2 Rc8 32. Re6 Kg7 33. Kh1 Rc7 34. Re2 Rd8
35. Ra1 Kf7 36. Re6 Qc4 37. Qd1 Qd5 38. Rc1 c5 39. Qc2 c4 40. Rd1 c3 41. Kg1
Rdc8 42. Re2 cxb2 43. Qxb2 Qxf5 44. Nc1 Rc4 45. Na2 Bd6 46. Qb3 Kg7 47. d5 Qd7
48. Re6 Rc2 49. Nb4 Rc1 50. Nd3 R1c3 51. Qb2 Ba3 52. Qa2 R8c4 53. Nf2 Bc5 54.
Qb2 Qd8 55. Qxb5 Rc2 56. Qb7+ Kg8 57. Qb5 Bxf2+ 58. Kf1 Kf7 59. Qb3 Be3 60. Qb5
Rf2+ 61. Ke1 Rcc2 62. Rd3 Rxg2 63. Rc3 Rg1+ 64. Qf1 Qa5 65. Re7+ Kxe7 66. d6+
Kd7 67. Kd1 Qxc3 68. Qxg1 Qd2# {Hossa checkmated} 0-1

[Event "ICS rated blitz match"]
[Site "204.178.125.65"]
[Date "2000.09.18"]
[Round "?"]
[White "Hossa"]
[Black "Tinker"]
[Result "0-1"]
[WhiteElo "2535"]
[BlackElo "2423"]
[PlyCount "50"]
[EventDate "2000.??.??"]

1. e4 e5 2. Nf3 Nf6 3. Nxe5 d6 4. Nf3 Nxe4 5. d4 Bg4 6. Bd3 d5 7. O-O Nc6 8.
Re1 f5 9. h3 Bh5 10. g4 Bg6 11. Bb5 fxg4 12. hxg4 Bd6 13. Bg5 Qd7 14. Nh4 O-O
15. Nxg6 Qf7 16. Be3 Qxg6 17. c3 Ne7 18. Bd7 Rad8 19. Bb5 Nf5 20. Bd3 Bh2+ 21.
Kxh2 Nxe3 22. Rxe3 Qh6+ 23. Kg1 Rxf2 24. Rh3 Qxh3 25. Bxe4 Qh2# {
Hossa checkmated} 0-1

[Event "ICS rated blitz match"]
[Site "204.178.125.65"]
[Date "2000.09.18"]
[Round "?"]
[White "PostModernist"]
[Black "Hossa"]
[Result "1-0"]
[WhiteElo "2675"]
[BlackElo "2514"]
[PlyCount "83"]
[EventDate "2000.??.??"]

1. e4 e5 2. Bc4 Nf6 3. d3 c6 4. Nf3 d5 5. Bb3 Bd6 6. exd5 cxd5 7. Bg5 e4 8.
dxe4 dxe4 9. Nfd2 Be5 10. Bxf6 Bxf6 11. c3 Bf5 12. Bc2 O-O 13. Nxe4 Re8 14.
Nbd2 Be5 15. Qf3 Qc8 16. Bb3 Bg6 17. O-O Qc7 18. g3 Nd7 19. Rfe1 Nb6 20. a4 a5
21. Rad1 Rad8 22. h4 Qc8 23. h5 Bf5 24. Ng5 Rd3 25. Bxf7+ Kh8 26. Qe2 Re7 27.
Be6 Rxe6 28. Nxe6 Rd5 29. c4 Rxd2 30. Qxd2 Bf6 31. Nc7 Bd7 32. Qd6 Be5 33. Rxe5
Qg8 34. Qxb6 Bxa4 35. h6 Bc6 36. hxg7+ Kxg7 37. Qd4 h6 38. Re7+ Kg6 39. Qg4+
Kf6 40. Qxg8 Kf5 41. Re6 Bf3 42. Qg6# {Hossa checkmated} 1-0

[Event "ICS rated blitz match"]
[Site "204.178.125.65"]
[Date "2000.09.18"]
[Round "?"]
[White "Hossa"]
[Black "PostModernist"]
[Result "0-1"]
[WhiteElo "2505"]
[BlackElo "2684"]
[PlyCount "92"]
[EventDate "2000.??.??"]

1. e4 Nc6 2. d4 d5 3. Nc3 e6 4. Nf3 Nf6 5. e5 Ne4 6. a3 Nxc3 7. bxc3 Be7 8. Bd3
Na5 9. O-O c5 10. Bb5+ Bd7 11. Bxd7+ Qxd7 12. Nd2 O-O 13. Bb2 Rac8 14. a4 b6
15. Bc1 Qc6 16. Ra2 f6 17. f4 fxe5 18. fxe5 Rxf1+ 19. Qxf1 Rf8 20. Qd3 Bg5 21.
Ra1 Rf5 22. Kh1 Nc4 23. Nb3 Bxc1 24. Nxc1 Nb2 25. Qe2 Nxa4 26. Na2 a5 27. Qd2
Qb5 28. Qe1 Qc4 29. g4 Rf4 30. Qc1 g5 31. Qe1 cxd4 32. h3 dxc3 33. Qe3 d4 34.
Qe1 d3 35. Kh2 dxc2 36. Qc1 Rf2+ 37. Kg3 Rd2 38. Qf1 Qe4 39. Qf2 Qxe5+ 40. Kg2
Nc5 41. Nc1 Qe3 42. Nd3 Nxd3 43. Qxd2 Nf4+ 44. Kf1 cxd2 45. h4 c1=Q+ 46. Rxc1
dxc1=Q# {Hossa checkmated} 0-1

[Event "ICS rated blitz match"]
[Site "204.178.125.65"]
[Date "2000.09.18"]
[Round "?"]
[White "rmdg567"]
[Black "Hossa"]
[Result "0-1"]
[WhiteElo "2041"]
[BlackElo "2497"]
[PlyCount "58"]
[EventDate "2000.??.??"]

1. e4 e5 2. Nf3 Nc6 3. Bb5 a6 4. Ba4 Nf6 5. O-O Be7 6. Qe2 b5 7. Bb3 O-O 8. c3
d6 9. h3 Na5 10. Bc2 Be6 11. d3 Nd7 12. b4 Nc6 13. a4 f5 14. axb5 axb5 15. Rxa8
Qxa8 16. Na3 fxe4 17. dxe4 Na7 18. Bb2 Nb6 19. Ra1 Qe8 20. Bd3 Qg6 21. Kf1 c6
22. c4 Na4 23. cxb5 Nxb5 24. Nxb5 cxb5 25. Bxb5 Nxb2 26. Qxb2 Qxe4 27. Qe2 Qxb4
28. Bd3 Bd5 29. Bf5 Rxf5 {rmdg567 resigns} 0-1

[Event "ICS rated blitz match"]
[Site "204.178.125.65"]
[Date "2000.09.18"]
[Round "?"]
[White "Hossa"]
[Black "rmdg567"]
[Result "1-0"]
[WhiteElo "2499"]
[BlackElo "2039"]
[PlyCount "111"]
[EventDate "2000.??.??"]

1. e4 c5 2. Nf3 d6 3. d4 cxd4 4. Nxd4 Nf6 5. Nc3 g6 6. Be3 Bg7 7. f3 O-O 8. Qd2
Nc6 9. Bc4 Bd7 10. O-O-O Qc7 11. Ncb5 Qb8 12. Bd3 a6 13. Nc3 Ne5 14. Bf1 b5 15.
Bh6 Nc4 16. Qg5 Bxh6 17. Qxh6 b4 18. Nd5 Nxd5 19. Bxc4 Nf6 20. h4 Rc8 21. Bd5
Nxd5 22. exd5 Rc5 23. h5 Qf8 24. Qg5 h6 25. Qe3 g5 26. Nb3 Rc4 27. g4 Rac8 28.
Rh2 Ba4 29. Qb6 Bxb3 30. axb3 Rf4 31. Rd3 Qd8 32. Qxa6 Qc7 33. Re3 Qc5 34. Rhe2
Rf8 35. Qb7 Rd4 36. Rxe7 Qxd5 37. Qxd5 Rxd5 38. Rd2 Rc5 39. Rxd6 Rfc8 40. Re2
Kg7 41. Rb6 f5 42. Rxb4 fxg4 43. Rb7+ Kg8 44. fxg4 Rf8 45. Ree7 Rf1+ 46. Kd2
Rd5+ 47. Ke2 Rf4 48. Re8+ Rf8 49. Rxf8+ Kxf8 50. c3 Re5+ 51. Kf2 Rd5 52. Ke3
Re5+ 53. Kf3 Rd5 54. Rh7 Rd3+ 55. Ke4 Rd2 56. Rxh6 {rmdg567 resigns} 1-0

[Event "ICS rated blitz match"]
[Site "204.178.125.65"]
[Date "2000.09.18"]
[Round "?"]
[White "rmdg567"]
[Black "Hossa"]
[Result "0-1"]
[WhiteElo "2037"]
[BlackElo "2501"]
[PlyCount "68"]
[EventDate "2000.??.??"]

1. e4 e5 2. Nf3 Nc6 3. Bb5 a6 4. Ba4 Nf6 5. O-O Be7 6. Qe2 b5 7. Bb3 O-O 8. c3
d6 9. h3 Na5 10. Bc2 Be6 11. d3 Nd7 12. b4 Nc6 13. a4 f5 14. axb5 axb5 15. Rxa8
Qxa8 16. Na3 fxe4 17. dxe4 Na7 18. Ng5 Bxg5 19. Bxg5 Qc6 20. Qe3 Nb6 21. f4 h6
22. f5 Bc4 23. Rf2 hxg5 24. Qxg5 Rf6 25. Rf3 d5 26. Rg3 Rf7 27. Qd8+ Rf8 28.
Qg5 Qf6 29. Qg4 dxe4 30. Bxe4 Bd5 31. Bd3 c6 32. Nc2 Na4 33. Ne3 Nxc3 34. Nxd5
cxd5 {rmdg567 resigns} 0-1

[Event "ICS rated standard match"]
[Site "204.178.125.65"]
[Date "2000.09.18"]
[Round "?"]
[White "BrazilianMaster"]
[Black "Hossa"]
[Result "1-0"]
[WhiteElo "2605"]
[BlackElo "2333"]
[PlyCount "137"]
[EventDate "2000.??.??"]

1. e4 e5 2. f4 exf4 3. Nf3 g5 4. h4 g4 5. Ne5 Nf6 6. Bc4 d5 7. exd5 Bd6 8. d4
Nh5 9. O-O Qxh4 10. Qe1 Qxe1 11. Rxe1 O-O 12. Nc3 Bf5 13. Bd3 Bxd3 14. Nxd3 Na6
15. Nb5 f3 16. Nxd6 cxd6 17. gxf3 gxf3 18. Kf2 Rfc8 19. c3 Nc7 20. Bh6 Nxd5 21.
Rh1 Ndf6 22. Rxh5 Nxh5 23. Rh1 f6 24. Rxh5 Re8 25. Kxf3 Rad8 26. Nf2 d5 27. Ng4
Re6 28. Bf4 Ra6 29. a3 Rd7 30. Ne3 Re6 31. Nxd5 Kg7 32. c4 a5 33. Bh6+ Kg8 34.
b3 b6 35. Kg4 Kf7 36. Bf4 Kg7 37. Kf5 Rc6 38. Rh4 a4 39. Bh6+ Kf7 40. Rg4 Rdd6
41. Rg7+ Ke8 42. bxa4 Rxc4 43. Nxf6+ Rxf6+ 44. Kxf6 Rc6+ 45. Kg5 Rd6 46. Rxh7
Rxd4 47. Kf5 Rxa4 48. Ke6 Re4+ 49. Kd5 Ra4 50. Bg5 Rxa3 51. Ke6 Kf8 52. Bf6 Rg3
53. Rb7 Re3+ 54. Be5 Kg8 55. Rb8+ Kh7 56. Kf5 Rxe5+ 57. Kxe5 Kg6 58. Rxb6+ Kf7
59. Rf6+ Ke7 60. Re6+ Kd7 61. Kd5 Kc7 62. Kc5 Kd7 63. Re5 Kc7 64. Re7+ Kd8 65.
Kd6 Kc8 66. Kc6 Kb8 67. Re8+ Ka7 68. Rd8 Ka6 69. Ra8# {Hossa checkmated} 1-0

[Event "ICS rated blitz match"]
[Site "204.178.125.65"]
[Date "2000.09.18"]
[Round "?"]
[White "pegazzo"]
[Black "Hossa"]
[Result "0-1"]
[WhiteElo "1909"]
[BlackElo "2503"]
[PlyCount "44"]
[EventDate "2000.??.??"]

1. e4 e5 2. Nf3 Nc6 3. Bc4 Bc5 4. b4 Bxb4 5. c3 Ba5 6. d4 d6 7. O-O exd4 8.
cxd4 Nf6 9. d5 Ne7 10. Bd3 O-O 11. Bb2 Ng6 12. Nbd2 Nf4 13. Bc2 c6 14. dxc6
bxc6 15. Nc4 Bc7 16. e5 dxe5 17. Nfxe5 Qxd1 18. Rfxd1 Be6 19. Ne3 Rfb8 20. Bd4
Ne2+ 21. Kf1 Nxd4 22. Rxd4 Bxe5 {pegazzo resigns} 0-1

[Event "ICS rated blitz match"]
[Site "204.178.125.65"]
[Date "2000.09.18"]
[Round "?"]
[White "Hossa"]
[Black "lsokol"]
[Result "1-0"]
[WhiteElo "2504"]
[BlackElo "2405"]
[PlyCount "73"]
[EventDate "2000.??.??"]

1. e4 e5 2. Nf3 Nf6 3. Nxe5 d6 4. Nf3 Nxe4 5. d4 d5 6. Bd3 Be7 7. O-O Nc6 8.
Re1 O-O 9. Bxe4 dxe4 10. Rxe4 Bf5 11. Re1 Bg4 12. c3 Bd6 13. Nbd2 Kh8 14. Nc4
Qf6 15. d5 Ne5 16. Ncxe5 Bxe5 17. Qd3 Bxf3 18. Qxf3 Qxf3 19. gxf3 Rfe8 20. f4
Bd6 21. Bd2 b5 22. Rxe8+ Rxe8 23. a4 a6 24. axb5 axb5 25. Ra5 g6 26. Rxb5 Re4
27. Rb8+ Kg7 28. Kg2 Kf6 29. Kg3 Kf5 30. h4 h6 31. b3 g5 32. hxg5 hxg5 33. Rg8
gxf4+ 34. Kf3 Re7 35. Rg4 Re4 36. Rh4 Re8 37. Bxf4 {lsokol resigns} 1-0